01250nam a22002537a 450000500170000000800410001702000180005804000270007604100080010304400070011108200200011811000810013824501170021926001140033630000990045049000450054965000430059465000490063765000510068665000510073794200150078899900170080395201760082020160304163521.0160304b2013 ck abdofr|||| 00| 0 spa d a9789585736719 aCO-BoIAVH cCO-BoIAVH 0 aspa ack04a711.09861bS44d1 aAlcaldía Mayor de Bogotá D. C.b, Secretaría Distrital de Planeación10aConstruyendo una visión regional común entre Bogotá y sus territorios circunvencidos bavances 2012 - 2013 a[Bogotá D. C.?]:bAlcaldía Mayor de Bogotá - Secretaría Distrital de Planeación :bUNCRD,c[2013?]. a244 páginas :bilustraciones, mapas, tablas y fotografías a color ;c28 x 21 centímetros0 aColección integración regional ;v12 6aDesarrollo urbanozBogotá (Colombia) 6aProgramas de desarrollozBogotá (Colombia) 6aPlanificación regional zBogotá (Colombia) 6aPlanificación sectorialzBogotá (Colombia) 2ddccLIBRO c18198d18198 00102ddc40708GENERALIINV2017aBogotabBogotad2016-03-04eInstitutog39000.00l0oLB-711.09861 S44dp039858r2016-03-04 00:00:00tEj. 1w2016-03-04xDonaciónyLIBRO